|
|
|
|
| LEADER |
00000cam a2200000 a 4500 |
| 001 |
vtls001478597 |
| 003 |
SK-MaSNL |
| 005 |
20260301015002.0 |
| 008 |
240226s2004 xo l frnp 001 0 slo |
| 015 |
|
|
|a SNBA2004
|
| 020 |
|
|
|a 8022318418
|q (brožované)
|
| 035 |
|
|
|a SNK000433897
|
| 035 |
|
|
|a urn:nbn:sk:snk-am3j2we
|
| 035 |
|
|
|a B9934071-30F4-40F9-935C-504588AF1DEE
|
| 035 |
|
|
|a urn:nbn:sk:snk-am00gm4j
|
| 040 |
|
|
|a SNK
|b slo
|c SNK
|e AACR2
|
| 041 |
0 |
|
|a slo
|
| 044 |
|
|
|a xo
|c SK
|
| 072 |
|
7 |
|a 316.4/.7
|x Sociálne interakcie
|2 konspekt
|
| 072 |
|
7 |
|a 37.016
|x Učebné osnovy. Vyučovacie predmety. Učebnice
|2 konspekt
|
| 080 |
|
|
|a 316.6
|x (075.8)
|2 1997
|
| 080 |
|
|
|a 316.454.54
|2 2011
|
| 080 |
|
|
|a 316.6
|2 2011
|
| 080 |
|
|
|a (075.8)
|2 2011
|
| 100 |
1 |
|
|a Kollárik, Teodor,
|d 1945-2021
|4 aut
|9 201444
|
| 245 |
1 |
0 |
|a Sociálna psychológia
|c Teodor Kollárik a kolektív
|
| 250 |
|
|
|a 1. vyd.
|
| 260 |
|
|
|a Bratislava
|b Univerzita Komenského
|c 2004
|
| 300 |
|
|
|a 545 strán
|b schémy
|c 24 cm
|
| 366 |
|
|
|e 400 kusov
|
| 504 |
|
|
|a Bibliografia na strane 497-530 ; obsahuje menný a vecný register
|
| 650 |
0 |
7 |
|a sociálna psychológia
|2 SNKPH
|9 1007
|
| 650 |
0 |
7 |
|a sociálne interakcie
|2 SNKPH
|9 4914
|
| 655 |
|
7 |
|a učebnice vysokých škôl
|2 SNKPH
|9 70191
|
| 919 |
|
|
|a 80-223-1841-8
|
| 958 |
|
|
|a TL
|
| 958 |
|
|
|a NB
|
| 958 |
|
|
|a UV
|
| 958 |
|
|
|a OND
|
| 999 |
|
|
|c 559749
|d 561679
|
| 952 |
|
|
|a SNK
|b SNK
|y VYP
|7 0
|p 17A0464528
|o snkSC 116628 D2
|i snk2005/10130
|8 3
|g 19.75
|0 0
|1 0
|4 0
|d 2005-06-13
|l 0
|r 2026-02-23 13:38:13
|w 2026-02-23
|
| 952 |
|
|
|a SNK
|b SNK
|y PREZ
|7 0
|p 17A0437367
|o snkSC 116628
|i snkKSP 9428/2004
|0 0
|1 0
|4 0
|d 2004-07-15
|f 1
|l 0
|r 2025-10-16 00:00:00
|w 2026-02-23
|
| 952 |
|
|
|a SNK
|b SNK
|y VYP
|7 0
|p 17A0437366
|o snkSC 116628 D1
|i snkKSP 9429/2004
|0 0
|1 0
|4 0
|d 2004-07-15
|l 0
|r 2005-01-02 00:00:00
|w 2026-02-23
|